000 00412nam a22001817a 4500
003 UA-OsUOA
001 5700
007 ta
008 20050721b un ||||| |||| 00| 0 ukr d
100 _aDunkel
700 _aPatricia and Lim
700 _aPhyl
942 _cBK
040 _aUA-OsUOA
_cUA-OsUOA
_dUA-OsUOA
245 _aIntermediate Listenting Comprehension.
_bEnglish Practice
955 _a2
650 7 _2UDC
999 _c291862
_d291862